Normal view
MARC view
- Pobres
Entry Materia
001 - NÚMERO DE CONTROL DEL REGISTRO
- campo de control: 50328
003 - IDENTIFICADOR DE NUMERO DE CONTROL
- campo de control: MX-MxUPN
005 - FECHA Y HORA DE LA ÚLTIMA TRANSACCIÓN
- campo de control: 20231017132226.0
008 - DATOS DE LONGITUD FIJA
- campo de control de longitud fija: 231017dn fnnnnbaba n ana d
040 ## - FUENTE DE LA CATALOGACIÓN
- Centro catalogador de origen: MX-MxUPN
- Lengua de catalogación: spa
150 ## - ENCABEZAMIENTO - TEMÁTICO
- Término de materia o nombre geográfico como elemento inicial: Pobres
- Subdivisión de materia general: Condiciones sociales
- Subdivisión geográfica: México
670 ## - FUENTE EN LA QUE SE LOCALIZARON DATOS
- Cita de la fuente: Autoridades BGTQ, 17 octubre 2023 :
- Información localizada: (Pobres) subdivisión general (Condiciones sociales) (México -- Historia)
902 ## - CATALOGADOR
- Catalogador: VíctorGodínez/171023
